Rights of the Accused.

The United States has one of the highest violent crime rates in the world. It is not surprising, therefore, that many citizens have strong opinions about the rights of the accused. When a person charged with a crime is set free because of a legal technicality, some people feel that the rights of the...

Full description

Bibliographic Details
Corporate Author: Kanopy (Firm)
Format: Video
Language:English
Language Notes:In: English.
Published: [San Francisco, California, USA] : Kanopy Streaming, 2016.
Subjects:
Online Access:Connect to this streaming video

MARC

Tag First Indicator Second Indicator Subfields
LEADER 00000cgm a2200000Ma 4500
001 in00005509113
006 m o c
007 vz uzazuu
007 cr una---unuuu
008 160324p20162002cau026 o vleng d
005 20241105202518.7
035 |a (OCoLC)ocn945757282 
040 |a KNOPY  |b eng  |c KNOPY  |d OCLCO  |d CUT  |d VT2  |d OTZ  |d IAD  |d IOG  |d OCLCQ  |d LNC  |d NHP  |d ZQP  |d VNS  |d UOK  |d CEF  |d UAB  |d PLS  |d NTG  |d INT  |d OCLCO  |d OCLCF  |d OCLCQ  |d ESU  |d WYU  |d QQ3  |d G3B  |d OCLCO  |d OCLCL 
019 |a 1058670532 
028 5 2 |a 1081863  |b Kanopy 
035 |a (OCoLC)945757282  |z (OCoLC)1058670532 
082 1 4 |a [E] 
090 |a Internet Access  |b AEU 
049 |a TXAM 
245 0 0 |a Rights of the Accused. 
264 1 |a [San Francisco, California, USA] :  |b Kanopy Streaming,  |c 2016. 
300 |a 1 online resource (1 video file, approximately 27 min.) 
336 |a two-dimensional moving image  |b tdi  |2 rdacontent 
337 |a computer  |b c  |2 rdamedia 
338 |a online resource  |b cr  |2 rdacarrier 
500 |a Playing time: 26 min. 
500 |a Title from title frames. 
518 |a Originally produced by Intelecom in 2002. 
520 |a The United States has one of the highest violent crime rates in the world. It is not surprising, therefore, that many citizens have strong opinions about the rights of the accused. When a person charged with a crime is set free because of a legal technicality, some people feel that the rights of the accused are being given greater weight than the rights of society and victims of crime. At the basis this discussion are the Fourth, Fifth, Sixth, and Eighth Amendments of the Constitution-amendments that specifically address the rights of criminal defendants. 
546 |a In: English. 
653 |a Human Rights 
653 |a Politics & International Affairs 
655 2 |a Webcast 
655 4 |a Streaming video. 
655 7 |a Internet videos.  |2 fast  |0 (OCoLC)fst01750214 
655 7 |a Internet videos.  |2 lcgft 
655 7 |a Vidéos sur Internet.  |2 rvmgf 
710 2 |a Kanopy (Firm) 
758 |i has work:  |a Rights of the accused (MovingImage)  |1 https://id.oclc.org/worldcat/entity/E39PCGVXYthKQxQ7tYptC69RXb  |4 https://id.oclc.org/worldcat/ontology/hasWork 
856 4 0 |u http://proxy.library.tamu.edu/login?url=https://sk.sagepub.com/video/rights-of-the-accused  |z Connect to this streaming video  |t 0 
955 |a SAGE Video Criminology and Criminal Justice 
994 |a 92  |b TXA 
999 f f |s 6397bc4f-a967-4aac-800d-3c1fcce3e1ff  |i 7e2ce233-b766-4b02-8969-c6e21cab2c43  |t 0 
952 f f |a Texas A&M University  |b College Station  |c Electronic Resources  |d Available Online  |t 0  |e Internet Access AEU  |h Library of Congress classification 
998 f f |a Internet Access AEU  |t 0  |l Available Online